000 00689cab a2200229 4500
001 WB3126-03
008 090401t1995 xxu||||| |||| 00| 0 eng d
035 _a(Sirsi) u22141
041 _aeng
245 _aStrategy to cut construction costs
260 _c1995
350 _a0
490 _aProperty Week
_v52(1) 6 July 1995, 10(1)
520 _aA report by the University of Reading for the RICS shows how savings can be made on a construction project.
650 _aBUILT ENVIRONMENT-BUILDING COSTS
650 _aLATHAM REFORMS
650 _aREDUCTION
650 _aUNIVERSITY OF READING
690 _aBUILT ENVIRONMENT-BUILDING COSTS
942 _n0
948 _c04/03/1997
999 _c14828
_d14828